Oh No! by MARINA - Statistics

General Stats
  • This quiz has been taken 666 times
  • The average score is 298 of 369
Answer Stats
% Correct
I
99%
a
98%
no
96%
I'm
95%
oh
93%
be
92%
want
92%
to
91%
who
91%
know
88%
like
88%
and
87%
it
87%
real
87%
exactly
86%
what
85%
my
84%
do
82%
don't
82%
machine
81%
so
81%
talk
81%
love
80%
walk
78%
I'll
77%
only
77%
wanna
77%
friends
76%
need
76%
why
76%
now
75%
after
74%
feel
74%
relationship
74%
success
74%
if
72%
just
72%
the
72%
self
70%
change
69%
act
68%
best
67%
cash
67%
fail
67%
fall
67%
own
67%
worst
67%
becoming
66%
money
66%
one
66%
prophecy
66%
you
66%
apart
64%
always
63%
fame
63%
hard
63%
all
62%
cause
62%
fast
62%
make
62%
not
62%
track
61%
is
60%
me
60%
mind
60%
maybe
59%
heart
58%
how
58%
test
58%
TV
58%
your
58%
are
57%
never
57%
very
56%
will
56%
appeal
55%
careful
55%
die
55%
has
55%
card
54%
life
54%
gonna
52%
grip
52%
live
52%
possess
52%
fulfilled
51%
possessions
50%
soften
49%
fly
47%
taught
47%
No matching quizzes found
Score Distribution
Percent of People with Each Score
Percentile by Number Answered
Your Score History
You have not taken this quiz